| 000 | 00590nam a2200181 a 4500 | ||
|---|---|---|---|
| 005 | 20140412111259.0 | ||
| 008 | 001219s19uu xx 00 eng d | ||
| 020 | _a971-121-031-2 | ||
| 050 |
_aFil E _bDi57 1980 |
||
| 050 |
_aFil 398.2 _bA72 1980 |
||
| 245 |
_aSi Dilat, si Kindat, si Kurap, si Pikit : _bat and paghahanap nila sa talang marikit / _cRobert Alonzo ; Albert E. Gamos. |
||
| 260 |
_a[s.l.] : _bAklat Adarna, _c1980. |
||
| 300 | _a1 v. (unp.) ; ill. | ||
| 650 | _aChildren's stories -- Fiction | ||
| 650 | _aFilipino stories -- Fiction | ||
| 999 |
_c103295 _d103295 |
||